000 01043nam a2200241Ii 4500
003 JO-AjNU
005 20240630091410.0
008 230605s9999||||xx |||||||||||||| ||und||
040 _aJO-AjNU
_bara
_erda
_cJO-AjNU
041 _aara
050 1 4 _aK1024.N82.2002
100 1 _aالنعيمي، سحر رشيد حميد
_eمعد
_946514
245 0 0 _aالاتجاهات المختلفة في تنظيم الوكالة التجارية
_cاعداد سحر رشيد حميد النعيمي؛ اشراف عزيز العكيلي
264 3 1 _a 2002
300 _a266 ورقة
336 _atext
_btxt
_2rdacontent
337 _aunmediated
_bn
_2rdamedia
338 _avolume
_bnc
_2rdacarrier
500 _aرسالة جامعية (ماجستير في القانون الخاص )--جامعة عمان العربية، 2002، يشتمل على المراجع والمصادر الببلوغرافية ص(259-266)
650 4 _aالوكالة التجارية
_946775
700 1 _a العكيلي، عزيز
_946802
_eمشرف
942 _2lcc
_cTHS
999 _c23941
_d23941